00389 a2200145 4500003000400000005001700004008004100021040000900062082001700071100003000088245005500118250001200173260004900185300000900234OSt20240119103313.0240119b |||||||| |||| 00| 0 eng d coclc a953.8bMOO/M aMoozhikkal, Rafeeq Rahman aMakka Desam Charithram /cRafeeq Rahman Moozhikkal a3rd ed. aKozhikode:bIslamic Publishing House,c2016. a72p.